000 00666nam a2200229Ia 4500
003 OSt
005 20221007071738.0
006 a|||||r|||| 00| 0
007 ta
008 221006b |||||||| |||| 00| 0 eng d
024 _a16,857
037 _cTextual
040 _aFLL
_cFLL
_beng
041 _2eng
_aeng
082 _aY1:45:62OZ3:5, L1
100 _aSparks R.F. Au.
_9689352
245 0 _aLocal prisons
_b The crisis in the english penal system
260 _aLondon
_bHeinemann educational books ltd. England
_c1971
300 _a146p
_ccm.
942 _hY1:45:62OZ3:5, L1
_cTEXL
_2CC
999 _c1144147
_d1144147